[Event "Challenge"]
[Site "http://www.queenalice.com/game.php?id=1536398"]
[Date "2018.7.27"]
[Round "-"]
[White "Skag420"]
[Black "Sonia"]
[Result "1-0"]
[WhiteElo "1381"]
[BlackElo "1583"]

1. e4 e5 2. Nf3 Nc6 3. c3 Nf6 4. d4 exd4 5. Nxd4 Nxe4 6. Qe2 Qe7 7. f3 Nf6 8. g4
Nxd4 9. Qe3 Nc2+ 10. Kf2 Nxe3 11. Bxe3 Nd5 12. Bd4 Nf4 13. Nd2 Qh4+ 14. Ke3 Nd5+
15. Kd3 b6 16. Bg2 Nf4+ 17. Kc2 Nxg2 18. Rhg1 Nf4 19. Rae1+ Kd8 20. Re4 Qxh2 21.
Rge1 Ne6 22. Be5 1-0

[Event "Challenge"]
[Site "http://www.queenalice.com/game.php?id=1560652"]
[Date "2019.2.11"]
[Round "-"]
[White "Sonia"]
[Black "GrandpaRichard"]
[Result "1-0"]
[WhiteElo "1551"]
[BlackElo "1698"]

1. e4 e5 2. Nf3 Nf6 3. Nc3 Nc6 4. Bc4 Bc5 5. Ng5 O-O 6. O-O d6 7. h3 h6 8. Nxf7
Rxf7 9. Bxf7+ Kxf7 10. d3 Bb4 11. Qf3 Nd4 12. Qd1 Be6 13. a3 Bc5 14. b4 Bb6 15.
Bb2 a6 16. Bc1 c5 17. Na4 Qc7 18. Bb2 Qc6 19. Nxb6 Qxb6 20. Rb1 g6 21. Bxd4 cxd4
22. a4 Qc6 23. Ra1 Qc3 24. b5 Rc8 25. bxa6 bxa6 26. Rb1 Nd7 27. Rc1 Nc5 28. Rb1
Rc7 29. Qf3+ Kg7 30. Rb8 Qxc2 31. Qf8+ 1-0

[Event "Challenge"]
[Site "http://www.queenalice.com/game.php?id=1562186"]
[Date "2019.2.24"]
[Round "-"]
[White "zemari"]
[Black "Sonia"]
[Result "0-1"]
[WhiteElo "1643"]
[BlackElo "1579"]

1. d4 d5 2. Nc3 Nf6 3. e3 Bf5 4. f3 e6 5. Bd3 g6 6. b3 Bg7 7. Nge2 O-O 8. Ng3
Bxd3 9. Qxd3 Nc6 10. Ba3 Re8 11. O-O-O a6 12. Kb1 Na5 13. Bb4 Nc6 14. Bc5 b6 15.
Ba3 e5 16. dxe5 Nxe5 17. Qe2 c6 18. Qf2 a5 19. e4 b5 20. Nce2 b4 21. Bb2 Ned7
22. exd5 cxd5 23. Nf4 Nb6 24. Rd2 a4 25. Rhd1 h6 26. Qc5 Nfd7 27. Qf2 Bxb2 28.
Kxb2 Qc7 29. Nxd5 Nxd5 30. Rxd5 Qc3+ 31. Kb1 a3 32. Qd4 Nb6 33. Rd6 Rac8 34.
Qxc3 bxc3 35. Rxb6 h5 36. Ne4 Re5 37. Rbd6 Kg7 38. R1d3 g5 39. Kc1 g4 40. R6d5
Re6 41. Rxh5 Rg6 42. f4 Re6 43. Re5 Rh6 44. Nxc3 f6 45. Re7+ Kg6 46. Ne2 Rxh2
47. Ra7 Rxg2 48. Rd2 Re8 49. Kd1 Rf2 50. Rxa3 Rf1# 0-1

[Event "Challenge"]
[Site "http://www.queenalice.com/game.php?id=1562187"]
[Date "2019.2.24"]
[Round "-"]
[White "Sonia"]
[Black "zemari"]
[Result "0-1"]
[WhiteElo "1593"]
[BlackElo "1645"]

1. e4 e5 2. Nf3 Nc6 3. d3 d5 4. Be2 d4 5. O-O h6 6. c3 Bc5 7. b4 Bb6 8. a3 dxc3
9. Nxc3 Be6 10. h3 Nf6 11. Nh2 O-O 12. Bf3 Nd4 13. Bh5 Nb3 14. Bb2 Nxa1 15. Bxa1
g6 16. Be2 Bd4 17. Qc1 c6 18. Nf3 Qd6 19. Qxh6 Rfd8 20. Ng5 Qf8 21. Bb2 Qxh6 22.
Nxe6 fxe6 23. Nd1 Qd2 24. Bg4 Bxb2 25. Bxe6+ Kg7 26. Bc4 Nh5 27. Ne3 Bxa3 28. b5
cxb5 29. Bxb5 a6 30. Bc4 Bc5 31. Ng4 Ng3 32. Rb1 Ne2+ 33. Kf1 Kf8 34. Nxe5 b5
35. Bf7 Ng3+ 36. Kg1 Qxf2+ 37. Kh2 Kg7 38. h4 Ne2 39. Kh3 Nf4+ 40. Kg4 Be3 41.
g3 Qe2+ 42. Nf3 Kxf7 43. Rb3 Nxd3 44. h5 Ne5+ 45. Kh3 Qxf3 46. h6 Qh5+ 47. Kg2
Rd2+ 0-1

[Event "Challenge"]
[Site "http://www.queenalice.com/game.php?id=1564481"]
[Date "2019.3.16"]
[Round "-"]
[White "Sonia"]
[Black "GrandpaRichard"]
[Result "1-0"]
[WhiteElo "1573"]
[BlackElo "1676"]

1. e4 e5 2. Nf3 Nc6 3. c3 Nf6 4. d3 d5 5. Ng5 Bg4 6. Be2 Bd7 7. O-O h6 8. exd5
Nxd5 9. Ne4 Be7 10. Bg4 O-O 11. b4 a6 12. Na3 b6 13. d4 b5 14. Nc5 Bxg4 15. Qxg4
g5 16. Bd2 Nf6 17. Qf3 e4 18. Qh3 h5 19. Bxg5 Nd5 20. Bd2 h4 21. Qg4+ Kh7 22.
Qh5+ Kg7 23. Bh6+ Kf6 24. Qg5# 1-0

[Event "Challenge"]
[Site "http://www.queenalice.com/game.php?id=1564482"]
[Date "2019.3.16"]
[Round "-"]
[White "GrandpaRichard"]
[Black "Sonia"]
[Result "0-1"]
[WhiteElo "1656"]
[BlackElo "1598"]

1. e4 e5 2. Bc4 Qf6 3. Nf3 Nh6 4. d4 Ng4 5. Bg5 Qg6 6. Nc3 Bb4 7. O-O O-O 8. a3
Bxc3 9. bxc3 h6 10. Be7 Re8 11. Bb4 d6 12. a4 a5 13. Ba3 Nd7 14. h3 Ngf6 15.
dxe5 dxe5 16. Nd2 Kh7 17. Re1 Nh5 18. Qf3 Ndf6 19. Bd3 Nf4 20. Bc4 Bxh3 21. g3
Ng2 22. Red1 b6 23. Bd3 Nf4 24. Bf1 Bg4 25. Qe3 N4h5 26. Nf3 Bxf3 27. Rdb1 Bxe4
28. Bd3 Bxd3 29. cxd3 Ng4 30. Qf3 Rad8 31. Rd1 Nhf6 32. Bb2 c5 33. Rd2 e4 34.
Qd1 e3 35. Re2 exf2+ 36. Rxf2 Nxf2 37. Kxf2 Rxd3 0-1

[Event "Challenge"]
[Site "http://www.queenalice.com/game.php?id=1568584"]
[Date "2019.4.22"]
[Round "-"]
[White "zemari"]
[Black "Sonia"]
[Result "1-0"]
[WhiteElo "1606"]
[BlackElo "1616"]

1. e4 e5 2. d4 Nf6 3. Nc3 d6 4. dxe5 Ng4 5. exd6 cxd6 6. f3 Ne3 7. Bxe3 a6 8.
Nd5 Nd7 9. Bd4 h5 10. h4 Rg8 11. Qd2 Nb8 12. Bd3 Nd7 13. Ne2 b6 14. O-O Bb7 15.
Nef4 g6 16. Qf2 Bxd5 17. Nxd5 b5 18. Rfe1 Bg7 19. Bxg7 Rxg7 20. b4 Kf8 21. Qg3
Ne5 22. Rec1 Rb8 23. Qg5 Qc8 24. Qe7+ Kg8 25. Nf6+ Kh8 26. Qxd6 Nxf3+ 27. gxf3
Qh3 28. Qxb8+ 1-0

[Event "Challenge"]
[Site "http://www.queenalice.com/game.php?id=1568586"]
[Date "2019.4.22"]
[Round "-"]
[White "Sonia"]
[Black "zemari"]
[Result "0-1"]
[WhiteElo "1624"]
[BlackElo "1569"]

1. e4 e5 2. Bc4 Bc5 3. Qf3 Nf6 4. Nc3 c6 5. d3 Bb4 6. a3 Bxc3+ 7. bxc3 d6 8. h3
Qe7 9. Qg3 g6 10. Nf3 O-O 11. Bh6 Rd8 12. Ng5 d5 13. Bb3 Be6 14. c4 Qd6 15. Qf3
Qe7 16. Nxe6 fxe6 17. Bg5 Rf8 18. exd5 Na6 19. Qe2 Qd6 20. Qf3 Nh5 21. Qe3 Nf4
22. Bxf4 exf4 23. Qf3 Nc5 24. Ba2 exd5 25. O-O d4 26. Rfe1 Na4 27. Bb3 Nc3 28.
h4 Qc5 29. Qg4 Rae8 30. Rf1 Kh8 31. Qd7 f3 32. Qg4 fxg2 33. Qxg2 Rf5 34. Qh2 Rh5
35. f4 Rf5 36. Qd2 Qd6 37. Kg2 Re2+ 38. Qxe2 Nxe2 39. Kh3 Nxf4+ 40. Kg4 Ne2 41.
Rf3 Rxf3 42. Kxf3 Nc3 43. Re1 Qf6+ 44. Kg3 Kg7 45. c5 Nd5 46. Kg2 Qxh4 47. Re4
Ne3+ 48. Kf3 Qh1+ 49. Kf4 Nd5+ 50. Ke5 h5 51. Bxd5 cxd5 52. Kxd5 h4 53. Kxd4
Qxe4+ 54. dxe4 Kf6 55. Kd5 h3 56. c6 bxc6+ 57. Kd6 h2 58. e5+ Kf7 59. e6+ Ke8
60. c4 h1=Q 61. c5 Qd5+ 62. Kc7 Qxc5 63. a4 Qa5+ 64. Kxc6 g5 65. Kd6 g4 66. e7
g3 67. Ke6 Qb6+ 68. Kf5 g2 69. Kg4 g1=R+ 70. Kf5 Re1 71. Kg4 Qf2 72. a5 Rg1+ 73.
Kh3 Rg8 74. a6 Qf7 75. Kh4 Qh7# 0-1

[Event "Challenge"]
[Site "http://www.queenalice.com/game.php?id=1570171"]
[Date "2019.5.7"]
[Round "-"]
[White "Sonia"]
[Black "cyrano"]
[Result "0-1"]
[WhiteElo "1642"]
[BlackElo "1598"]

1. e4 e5 2. Nf3 f6 3. Nc3 c6 4. b3 d5 5. d4 Bb4 6. Bd2 Qa5 7. exd5 Bxc3 8. Bc4
b5 9. b4 Bxb4 10. Be2 e4 11. Ng1 cxd5 12. Nh3 Nc6 13. Nf4 Nxd4 14. Nxd5 Bxd2+
15. Qxd2 Nxc2+ 16. Kd1 Qxd2+ 17. Kxd2 Nxa1 18. Rxa1 Rb8 19. Nc7+ Kd7 20. Nxb5 a6
21. Bg4+ Kd8 22. Nd6 Bxg4 23. Nf7+ Ke7 24. Nxh8 Nh6 25. h3 Be6 26. f3 exf3 27.
gxf3 Rxh8 28. a4 Bxh3 29. f4 Rd8+ 30. Kc3 Nf5 31. Rh1 Rc8+ 32. Kd3 Bg2 33. Re1+
Kf7 34. Rg1 Bd5 35. Kd2 Rc4 36. a5 Rxf4 37. Rc1 Ra4 38. Rc5 Ra2+ 39. Kc3 Be4 40.
Kb3 Rf2 41. Rc7+ Ne7 42. Ra7 Bd3 43. Kc3 Bb5 44. Kd4 h6 45. Ke3 Ra2 46. Kd4 Rxa5
47. Kc5 g5 48. Kd6 Kg6 49. Rxe7 Bc4 50. Rc7 Bf1 51. Kc6 Ra2 52. Kb6 h5 53. Rc3
h4 54. Rh3 Bxh3 55. Kb7 a5 56. Kb6 a4 57. Kb5 Bf1+ 58. Kb4 h3 59. Kc3 h2 60. Kb4
h1=Q 61. Ka5 Qd5+ 62. Kb6 Rb2+ 63. Kc7 Rc2+ 64. Kb6 Qc6+ 65. Ka5 Qb5# 0-1

[Event "Challenge"]
[Site "http://www.queenalice.com/game.php?id=1570172"]
[Date "2019.5.7"]
[Round "-"]
[White "Sonia"]
[Black "cyrano"]
[Result "1-0"]
[WhiteElo "1600"]
[BlackElo "1615"]

1. e4 e5 2. Nf3 f6 3. Bc4 Ne7 4. a3 c5 5. Nc3 d6 6. b4 a5 7. O-O axb4 8. Ne2 g5
9. Bb2 Nbc6 10. Bb5 g4 11. Nh4 h5 12. a4 Be6 13. g3 Bd7 14. c3 bxc3 15. dxc3 Rg8
16. Bc4 Rg7 17. Ng2 Bc8 18. Nh4 Qb6 19. Qd2 Ra5 20. Qxd6 Qd8 21. Qxf6 b5 22.
Bxb5 Qd2 23. Bc1 Qg5 24. Bxg5 Bd7 25. Bxc6 Bxc6 26. Qxe5 Ra7 27. Qb8+ Kf7 28.
Bxe7 Rxe7 29. e5 Rg5 30. Qb3+ Kg7 31. e6 Kf6 32. Nf4 Bd5 33. Nxd5+ Kxe6 34. Nf4+
Kd7 35. Qb7+ Ke8 36. Qb5+ Kf7 37. Qc4+ Ke8 38. Qb5+ Kf7 39. Qc4+ Kf6 40. Qa6+
Kf7 41. Nhg6 Re4 42. Qb7+ Re7 43. Qb3+ Kg7 44. Nxe7 Bxe7 45. Qb7 Kf6 46. Qc6+
Kf7 47. Qe6+ Ke8 48. Rfe1 Rg7 49. Nxh5 Rh7 50. Nf6+ Kf8 51. Nxh7+ Kg7 52. Qxe7+
Kh6 53. Nf6 Kg5 54. Re5+ Kg6 55. Nd7 c4 56. Qf6+ Kh7 57. a5 Kg8 58. a6 Kh7 59.
a7 Kg8 60. a8=Q+ Kh7 61. Re7# 1-0

[Event "Challenge"]
[Site "http://www.queenalice.com/game.php?id=1573768"]
[Date "2019.6.8"]
[Round "-"]
[White "marcomasao"]
[Black "Sonia"]
[Result "1-0"]
[WhiteElo "1930"]
[BlackElo "1647"]

1. e4 e5 2. Bc4 Nh6 3. Nf3 d6 4. Nc3 Be7 5. Qe2 Nc6 6. d3 O-O 7. Bxh6 gxh6 8. h3
Kh8 9. O-O-O h5 10. Nh2 h4 11. Qh5 Qe8 12. Rdg1 Nd4 13. g4 a6 14. a3 c6 15. g5
Bxh3 16. Qxh4 Rg8 17. Qxh3 b5 18. Ng4 Rg7 19. Nf6 Bxf6 20. gxf6 Rxg1+ 21. Rxg1
Qg8 22. Rxg8+ Rxg8 23. Bxf7 Rf8 24. Bg6 1-0

[Event "Challenge"]
[Site "http://www.queenalice.com/game.php?id=1573769"]
[Date "2019.6.8"]
[Round "-"]
[White "Sonia"]
[Black "marcomasao"]
[Result "1-0"]
[WhiteElo "1617"]
[BlackElo "1968"]

1. e4 e5 2. Nf3 Nc6 3. Bc4 Bc5 4. O-O Nf6 5. d3 d6 6. Nc3 Qe7 7. a3 Be6 8. Bg5
h6 9. Bxf6 Qxf6 10. Nb5 Bb6 11. Nc3 g5 12. h3 Qg6 13. Bxe6 Qxe6 14. Nd5 g4 15.
hxg4 Qxg4 16. Nf6+ Ke7 17. Nxg4 h5 18. Ne3 Rag8 19. Nh4 Kd7 20. Qf3 Rh7 21. Qf5+
1-0

[Event "Challenge"]
[Site "http://www.queenalice.com/game.php?id=1575032"]
[Date "2019.6.21"]
[Round "-"]
[White "marcomasao"]
[Black "Sonia"]
[Result "1-0"]
[WhiteElo "1984"]
[BlackElo "1606"]

1. e4 e5 2. Bc4 Qf6 3. Nf3 Nc6 4. Nc3 d6 5. Qe2 a6 6. d3 Qg6 7. Nh4 Qf6 8. g3
Nd4 9. Qd1 h5 10. Nd5 Qd8 11. c3 Ne6 12. Be3 b5 13. Bb3 c5 14. Qe2 g6 15. a3 Ra7
16. Ba2 Rd7 17. O-O Nh6 18. Qf3 Bg7 19. b4 O-O 20. bxc5 g5 21. Nf5 g4 22. Nxh6+
Bxh6 23. Nf6+ Kh8 24. Qf5 1-0

[Event "Challenge"]
[Site "http://www.queenalice.com/game.php?id=1575033"]
[Date "2019.6.21"]
[Round "-"]
[White "Sonia"]
[Black "marcomasao"]
[Result "1-0"]
[WhiteElo "1600"]
[BlackElo "1951"]

1. e4 e5 2. Nf3 Nc6 3. c3 Bc5 4. d3 Nf6 5. Be2 Qe7 6. O-O d6 7. h3 Be6 8. Ng5 h6
9. Nxe6 Qxe6 10. Nd2 g5 11. Nb3 Bb6 12. Bf3 h5 13. Bxg5 O-O-O 14. d4 Qe7 15. d5
Na5 16. Nd2 h4 17. Bg4+ Kb8 18. Qf3 Rh6 19. Bxh6 Nh7 20. Qf5 f6 21. Nf3 Nc4 22.
Kh2 Nxb2 23. Nxh4 Qf7 24. Bh5 Qg8 25. Ng6 Nd3 26. Be3 Ba5 27. Bd2 Bb6 28. Be3
Ba5 29. Bd2 Bb6 30. a4 Ba5 31. Be2 Nf4 32. Nxf4 exf4 33. Qxf4 a6 34. Rab1 Ka8
35. Bg4 Qg7 36. f3 Ng5 37. Qg3 Nf7 38. Rb2 Ne5 39. Rfb1 Rb8 40. Rc2 Bb6 41. c4
Nd3 42. Qh4 Rh8 43. Bh5 Rg8 44. g3 Bf2 45. Bg4 Ne5 46. Bf4 Rh8 47. Qxh8+ Qxh8
48. Rxf2 Nxc4 49. Rc1 b5 50. Ra2 Kb7 51. axb5 axb5 52. Rca1 Kb6 53. Ra6+ Kc5 54.
Rc6+ Kd4 55. Rd1+ Kc3 56. Ra6 Kb4 57. Bf5 Qh5 58. Bg4 Qh8 59. Rb1+ Kc5 60. Rc6+
Kd4 61. Rxc7 Qb8 62. Rf7 Na3 63. Rc1 b4 64. Rxf6 b3 65. Bxd6 Qb5 66. Bxa3 Qe2+
67. Kh1 Qa2 68. Bc5+ Kd3 69. Rd1+ Kc2 70. f4 b2 71. Rb6 Qc4 72. Bd4 Qa2 73. Bxb2
Qa5 74. Bd4 Qa2 75. Rb2+ 1-0

[Event "Challenge"]
[Site "http://www.queenalice.com/game.php?id=1576350"]
[Date "2019.7.4"]
[Round "-"]
[White "marcomasao"]
[Black "Sonia"]
[Result "1-0"]
[WhiteElo "1965"]
[BlackElo "1602"]

1. e4 e5 2. Bc4 Nf6 3. Nc3 Bc5 4. Nf3 Ng4 5. d4 Bb6 6. Ng5 Bxd4 7. Qxg4 d5 8.
Bb5+ c6 9. Bxc6+ bxc6 10. Qf3 O-O 11. Bd2 Be6 12. a3 h6 13. Nh3 Na6 14. Rb1 Rb8
15. O-O Nc5 16. Qg3 Qf6 17. b4 Nxe4 18. Nxe4 dxe4 19. c3 Bb6 20. a4 Bc4 21. Rfe1
Bd3 22. Rb2 Bc7 23. Be3 Bb6 24. f4 Bxe3+ 25. Rxe3 a5 26. Re1 axb4 27. cxb4 c5
28. fxe5 Qe6 29. Rf2 Rxb4 30. Rf6 Qd7 31. Nf4 Qd4+ 32. Kh1 Qxe5 33. Rxh6 Rfb8
34. Ng6 f6 35. Rh8+ Kf7 36. Nxe5+ fxe5 37. Rxb8 Rxa4 38. Qf2+ Ke6 39. Qxc5 Kf5
40. Qe7 g5 41. Qf7+ Kg4 42. h3+ Kg3 43. Re3+ 1-0

[Event "Challenge"]
[Site "http://www.queenalice.com/game.php?id=1576351"]
[Date "2019.7.4"]
[Round "-"]
[White "Sonia"]
[Black "marcomasao"]
[Result "0-1"]
[WhiteElo "1604"]
[BlackElo "1998"]

1. e4 e5 2. Nf3 Nc6 3. Nc3 Bc5 4. d3 Nf6 5. Qe2 Qe7 6. a3 d6 7. Nd5 Nxd5 8. exd5
Nd4 9. Nxd4 Bxd4 10. c3 Bb6 11. d4 e4 12. Be3 Bf5 13. g4 Bg6 14. Bg2 h6 15. h4
O-O-O 16. b4 a6 17. b5 a5 18. h5 Bh7 19. Bh3 Kb8 20. a4 g5 21. c4 Qd7 22. c5
dxc5 23. dxc5 Ba7 24. Kd2 Qxd5+ 25. Ke1 Bxc5 26. Bxc5 Qxc5 27. Bg2 Qc3+ 28. Kf1
Qxa1+ 29. Qe1 Rd1 30. Ke2 Rxe1+ 31. Rxe1 Qxa4 32. Ke3 Qb3+ 33. Kd4 Rd8+ 34. Ke5
Qe6# 0-1

[Event "Challenge"]
[Site "http://www.queenalice.com/game.php?id=1578987"]
[Date "2019.7.31"]
[Round "-"]
[White "marcomasao"]
[Black "Sonia"]
[Result "1-0"]
[WhiteElo "1937"]
[BlackElo "1630"]

1. e4 e5 2. Bc4 Nh6 3. Nf3 Nc6 4. Nc3 Bc5 5. Qe2 O-O 6. d3 Ng4 7. Be3 d6 8. h3
Nxe3 9. fxe3 Bd7 10. a3 Na5 11. Ba2 Nc6 12. g4 Qf6 13. g5 Qg6 14. Rg1 Bxh3 15.
Nh4 Nd4 16. exd4 Bxd4 17. Rg3 Be6 18. Nxg6 hxg6 19. Qh2 Rfe8 20. Kd2 Kf8 21.
Qh8+ Ke7 22. Qxg7 Bxa2 23. Rxa2 c6 24. Qf6+ Kd7 25. Qxf7+ Re7 26. Qxg6 Rf8 27.
Rg2 a6 28. Qh5 Kc7 29. b4 b5 30. a4 Kb7 31. axb5 axb5 32. g6 Rg7 33. Ra1 d5 34.
Ra3 Kb6 35. Qh1 dxe4 36. Nxe4 Kc7 37. Nc5 Kd6 38. Ra6 Rc8 39. Rg5 Ke7 40. Ra7+
Kf6 41. Ne4+ Ke6 42. Qf3 Bxa7 43. Qf6+ Kd7 44. Qd6+ Ke8 45. Nf6# 1-0

[Event "Challenge"]
[Site "http://www.queenalice.com/game.php?id=1578988"]
[Date "2019.7.31"]
[Round "-"]
[White "Sonia"]
[Black "marcomasao"]
[Result "0-1"]
[WhiteElo "1626"]
[BlackElo "1941"]

1. e4 e5 2. d3 Bc5 3. Nh3 Nf6 4. Be2 Nc6 5. c3 Qe7 6. O-O d6 7. Be3 Bxh3 8. gxh3
Bb6 9. Bxb6 cxb6 10. Bf3 h5 11. Bg2 g5 12. Nd2 h4 13. Qf3 O-O-O 14. a3 Rdg8 15.
b4 g4 16. Qf5+ Kb8 17. Rfb1 gxh3 18. Qxh3 Nh5 19. Kf1 Nf4 20. Qf3 Rxg2 21. Nc4
Rhg8 22. Ke1 Rxh2 23. Kd2 Rgg2 24. Rf1 Rh3 25. Qd1 Rxd3+ 26. Kc2 Rxd1 27. Raxd1
Kc7 28. Nxd6 a6 29. Nf5 Qg5 30. Nd6 Qg6 31. Kb3 h3 32. f3 h2 33. Ne8+ Kb8 34.
Rd6 Qg3 35. Rfd1 Kc8 36. Rh6 Qg8 37. Nd6+ Kb8 38. Rf6 Rg1 39. Rd2 Rb1+ 40. Rb2
Rxb2+ 41. Kxb2 h1=Q 42. Rxf7 Qgg2+ 43. Kb3 Qb1+ 44. Kc4 Qe2# 0-1

[Event "Challenge"]
[Site "http://www.queenalice.com/game.php?id=1583242"]
[Date "2019.9.13"]
[Round "-"]
[White "marcomasao"]
[Black "Sonia"]
[Result "1-0"]
[WhiteElo "1943"]
[BlackElo "1630"]

1. e4 e5 2. Bc4 Nf6 3. Nc3 Qe7 4. Nf3 Nc6 5. Qe2 h6 6. d3 g6 7. Be3 d6 8. h3 Bd7
9. Nd5 Nxd5 10. Bxd5 Bg7 11. g4 g5 12. a3 Nd8 13. Nd2 c6 14. Ba2 Be6 15. c4 c5
16. Bb3 O-O 17. f3 Nc6 18. h4 Na5 19. Ba2 f6 20. hxg5 fxg5 21. Nf1 a6 22. Ng3
Rf7 23. Nf5 Bxf5 24. exf5 Rf6 25. O-O Nc6 26. Rf2 Re8 27. Qe1 a5 28. Bd2 Nd4 29.
Bxa5 Nc6 30. Bc3 Nd4 31. Bxd4 b6 32. Bc3 Kf8 33. Qe2 Kf7 34. b4 Rc8 35. bxc5
bxc5 36. a4 Ke8 37. a5 Ra8 38. Rg2 Rf7 39. Rh2 Kd7 40. Qb2 Qd8 41. Qb7+ Ke8 42.
Qc6+ Rd7 43. Bb3 Ra7 44. Qa4 Kf8 45. a6 Kg8 46. Qc6 Qe7 47. Qd5+ Kh8 48. Re2 Bf6
49. d4 Qh7 50. dxe5 Bxe5 51. Bxe5+ dxe5 52. Qxe5+ Kg8 53. Qe8+ Kg7 54. Re6 Qg8
55. f6+ Kh8 56. Qh5 Qxe6 57. Qxh6+ Rh7 58. Qf8+ Qg8 59. Qxc5 1-0

[Event "Challenge"]
[Site "http://www.queenalice.com/game.php?id=1583243"]
[Date "2019.9.13"]
[Round "-"]
[White "Sonia"]
[Black "marcomasao"]
[Result "0-1"]
[WhiteElo "1623"]
[BlackElo "1916"]

1. e4 e5 2. Nf3 Nc6 3. Bc4 Bc5 4. O-O Nf6 5. d3 Qe7 6. Nc3 d6 7. Nd5 Nxd5 8.
Bxd5 Bd7 9. Ng5 Be6 10. Bxe6 fxe6 11. c3 h6 12. Qh5+ Kd7 13. Nh3 Rag8 14. Qf3
Qe8 15. b4 Bb6 16. Ba3 a6 17. b5 axb5 18. d4 exd4 19. Bb2 g5 20. Qd3 e5 21. Kh1
g4 22. Ng1 h5 23. a4 b4 24. c4 h4 25. Ne2 Qg6 26. Nc1 g3 27. h3 gxf2 28. g4 hxg3
29. Ne2 Rxh3+ 30. Kg2 Rh2+ 31. Kf3 Qg4# 0-1

[Event "Challenge"]
[Site "http://www.queenalice.com/game.php?id=1585510"]
[Date "2019.10.3"]
[Round "-"]
[White "Sonia"]
[Black "GrandpaRichard"]
[Result "1-0"]
[WhiteElo "1619"]
[BlackElo "1638"]

1. e4 e5 2. Bc4 Nf6 3. Nc3 Bc5 4. Qf3 d6 5. d3 Bg4 6. Qg3 Nc6 7. a3 h6 8. Nge2
a6 9. b4 Bb6 10. Bb2 O-O 11. O-O Nd4 12. Nxd4 Bxd4 13. Ra2 c5 14. b5 axb5 15.
Bxb5 Be6 16. Raa1 Qb6 17. a4 Rfc8 18. Ra3 Bg4 19. h3 Be6 20. Nd1 Qa5 21. c3
Bxf2+ 22. Nxf2 Nh5 23. Qf3 Rd8 24. Qxh5 d5 25. Qxe5 Re8 26. Qg3 Red8 27. c4 dxe4
28. Qxg7# 1-0

[Event "Challenge"]
[Site "http://www.queenalice.com/game.php?id=1585511"]
[Date "2019.10.3"]
[Round "-"]
[White "GrandpaRichard"]
[Black "Sonia"]
[Result "0-1"]
[WhiteElo "1621"]
[BlackElo "1636"]

1. e4 e5 2. Nf3 Nc6 3. Bc4 Qf6 4. Nc3 a6 5. d4 exd4 6. Nd5 Qd8 7. Nxd4 Nf6 8.
Bg5 Be7 9. Qd3 d6 10. Nxe7 Qxe7 11. Nxc6 bxc6 12. Bxf6 gxf6 13. O-O Bb7 14. Rfe1
O-O 15. a4 a5 16. Re3 c5 17. Rg3+ Kh8 18. Bd5 c6 19. Bb3 h5 20. Qd1 Qe5 21. Rh3
Kg7 22. Qf3 Rh8 23. c3 Kf8 24. Bd1 Ke7 25. Rxh5 Rxh5 26. Qxh5 Qxe4 27. Rc1 Qe1#
0-1

[Event "Challenge"]
[Site "http://www.queenalice.com/game.php?id=1588198"]
[Date "2019.10.28"]
[Round "-"]
[White "marcomasao"]
[Black "Sonia"]
[Result "1-0"]
[WhiteElo "1967"]
[BlackElo "1627"]

1. e4 e5 2. Bc4 Qe7 3. Nf3 d6 4. Nc3 Nf6 5. Qe2 c6 6. d3 h6 7. Be3 Nbd7 8. a4 a5
9. h3 g5 10. Bb3 Rh7 11. Nh2 Nc5 12. Bxc5 dxc5 13. g4 h5 14. f3 h4 15. O-O b6
16. Rf2 Be6 17. Bxe6 Qxe6 18. b3 c4 19. bxc4 Bb4 20. Na2 Bc5 21. c3 Bxf2+ 22.
Qxf2 c5 23. Nf1 Rd8 24. Qe2 Qd7 25. Nc1 b5 26. cxb5 c4 27. dxc4 Qa7+ 28. Ne3 Rc8
29. Kh1 1-0

[Event "Challenge"]
[Site "http://www.queenalice.com/game.php?id=1588199"]
[Date "2019.10.28"]
[Round "-"]
[White "Sonia"]
[Black "marcomasao"]
[Result "0-1"]
[WhiteElo "1651"]
[BlackElo "2010"]

1. e4 e5 2. Nf3 Nc6 3. Bc4 Bc5 4. O-O Nf6 5. d3 Qe7 6. Nc3 d6 7. Ng5 Be6 8. Nxe6
fxe6 9. Bg5 h6 10. Bh4 g5 11. Bg3 Qf7 12. h3 Nd4 13. a3 a6 14. b4 Ba7 15. Ba2 h5
16. Re1 h4 17. Bh2 O-O-O 18. a4 Rdg8 19. Ne2 g4 20. Nc3 gxh3 21. g3 hxg3 22.
fxg3 Ne2+ 23. Kf1 Nxg3+ 24. Bxg3 Rxg3 25. Ne2 Nxe4+ 26. Nf4 Qxf4+ 0-1

[Event "Challenge"]
[Site "http://www.queenalice.com/game.php?id=1588684"]
[Date "2019.11.1"]
[Round "-"]
[White "WLAO"]
[Black "Sonia"]
[Result "1-0"]
[WhiteElo "1566"]
[BlackElo "1649"]

1. e4 e5 2. Nf3 Nc6 3. c3 Nf6 4. Bc4 Qe7 5. d3 a6 6. Qb3 Kd8 7. Ng5 d5 8. exd5
Na5 9. Qd1 Bg4 10. Qd2 Nxc4 11. dxc4 e4 12. O-O b5 13. cxb5 Qd6 14. Nxf7+ Kc8
15. Nxd6+ Bxd6 16. b6 cxb6 17. Qg5 Rg8 18. Bf4 Bxf4 19. Qxf4 Kb7 20. Qd6 a5 21.
Qc6+ 1-0